000 01010nam a22002657a 4500
005 20240530110344.0
008 141125s2006 ua bo fr 000 0 ara d
017 _a11489/2006
_bمصر . دار الكتب المصرية
020 _a9771804480
040 _aEG-CaGPL
041 0 _aara
082 0 4 _221
_a962.155\
_bق/م د
100 0 _aمحمد جمال الدين على المسدى
245 1 0 _aدنشواى /
_cمحمد جمال الدين على المسدى
246 _aDinshaway
250 _aط 2
260 _aالقاهرة :
_bدار الكتب والوثائق القومية ،
_c2006
300 _a240 ص :
_bايض ؛
_c24 سم
504 _aببليوجرافية : ص 133 - 141
546 _aالنص بالعربية و الملخصات بالانجليزية
651 0 4 _aدنشواى ( مصر )
_xتاريخ
_yالاحتلال البريطانى 1882 - 1936
651 0 4 _aالثورات
_zمصر
942 _2ddc
_cBK
999 _c59933
_d59933